Catálogo
 En Linea

Adolescente embarazada : (Registro nro. 23486)

Detalles MARC
000 -CABECERA
campo de control de longitud fija 00849nam a2200229 a 4500
001 - NÚMERO DE CONTROL
campo de control 000023991
005 - FECHA Y HORA DE LA ÚLTIMA TRANSACCIÓN
campo de control 20260312134255.0
008 - DATOS DE LONGITUD FIJA--INFORMACIÓN GENERAL
campo de control de longitud fija 110118s2007 cu a 000 0 spa d
020 ## - NÚMERO INTERNACIONAL ESTÁNDAR DEL LIBRO
Número Internacional Estándar del Libro 9789590504754
040 ## - FUENTE DE LA CATALOGACIÓN
Centro catalogador/agencia de origen DO-SdBNP
Lengua de catalogación spa
Centro/agencia transcriptor BNPHU
082 ## - NÚMERO DE LA CLASIFICACIÓN DECIMAL DEWEY
Número de clasificación 305.235
Número de documento/Ítem P926a
100 1# - ENTRADA PRINCIPAL--NOMBRE DE PERSONA
Nombre de persona Prendes Labrada, Mariela de la Concepción
9 (RLIN) 49327
245 10 - MENCIÓN DE TÍTULO
Título Adolescente embarazada :
Resto del título la mejor opción ? /
Mención de responsabilidad, etc. Marianela de la Concepción Prendes Labrada, Wilfredo Guibert Reyes.
260 ## - PUBLICACIÓN, DISTRIBUCIÓN, ETC.
Lugar de publicación, distribución, etc. La Habana :
Nombre del editor, distribuidor, etc. Editorial Científico Técnica,
Fecha de publicación, distribución, etc. 2007.
300 ## - DESCRIPCIÓN FÍSICA
Extensión 188 P. :
Otras características físicas il. ;
Dimensiones 22 cm.
504 ## - NOTA DE BIBLIOGRAFÍA, ETC.
Nota de bibliografía, etc. Bibliografía : p. 185 - 188
590 ## - NOTA LOCAL (RLIN)
Nota local Inventariado, 2019 /LP
650 #0 - PUNTO DE ACCESO ADICIONAL DE MATERIA--TÉRMINO DE MATERIA
Término de materia o nombre geográfico como elemento de entrada Embarazo en adolescentes
9 (RLIN) 909
650 #0 - PUNTO DE ACCESO ADICIONAL DE MATERIA--TÉRMINO DE MATERIA
Término de materia o nombre geográfico como elemento de entrada Madres adolescentes
9 (RLIN) 49328
650 #4 - PUNTO DE ACCESO ADICIONAL DE MATERIA--TÉRMINO DE MATERIA
Término de materia o nombre geográfico como elemento de entrada Educación para la la familia
Subdivisión general Manuales
9 (RLIN) 49329
700 1# - PUNTO DE ACCESO ADICIONAL--NOMBRE DE PERSONA
Nombre de persona Guibert Reyes, Wilfredo
9 (RLIN) 49330
Existencias
Estado de retiro Estado de pérdida Restricciones de uso No para préstamo Código de colección Localización permanente Ubicación/localización actual Ubicación en estantería Fecha de adquisición Número de inventario Total de préstamos Signatura topográfica completa Código de barras Fecha visto por última vez Precio válido a partir de Tipo de ítem Koha
      Excluido de préstamo Monografías: Libros y Folletos General General En catalogación 18.01.2011 LF1   305.235 P926a 23991-10 25.06.2020 25.06.2020 No se presta

Con tecnología Koha